| 000 | 00475nam a2200193Ia 4500 | ||
|---|---|---|---|
| 008 | 170918s9999 xx 000 0 und d | ||
| 020 | _a439429226 | ||
| 050 | _bM596 2002 | ||
| 100 | _aMetzger, Steve | ||
| 245 | _aI'll always come back! / | ||
| 245 | _cSteve Metzger ; illustrated by Joy Allen. | ||
| 260 | _aNew York : | ||
| 260 | _bScholastic, | ||
| 260 | _c2002 | ||
| 300 | _aunpaged : | ||
| 300 | _bcolored illustration ; | ||
| 300 | _c25cm. | ||
| 500 | _a360 | ||
| 999 |
_c342677 _d342677 |
||